000 00205nam a2200085Ia 4500
008 120527s9999 xx 000 0 und d
100 _aRoss, et a l
245 _aEssentials of corporate finanace
942 _cBK
999 _c27185
_d27185